[Event "Titled Tuesday intern op 13th Feb Early"]
[Site "Chess.com INT"]
[Date "2024.02.13"]
[Round "11"]
[White "Causo, Deniel"]
[Black "Gormally, Daniel"]
[Result "0-1"]
[WhiteElo "2224"]
[BlackElo "2419"]
[PlyCount "74"]
[EventDate "2024.02.13"]
[EventType "swiss (blitz)"]
[EventRounds "11"]
[EventCountry "USA"]
[SourceTitle "CB08_2024"]
[SourceDate "2024.02.21"]
[SourceVersion "1"]
[SourceVersionDate "2024.02.21"]
[SourceQuality "1"]

1. e4 c5 2. c3 d6 3. d4 Nf6 4. Nd2 g6 5. Ngf3 Bg7 6. Bd3 0-0 7. 0-0 cxd4 8. cxd4 Nc6 9. h3 e5 10. dxe5 dxe5 11. Bc4 a6 12. Re1 b5 13. Bb3 Bb7 14. Qe2 Nd4 15. Nxd4 Qxd4 16. Kh2 Rac8 17. f3 Rfd8 18. Nf1 Nh5 19. Be3 Qd6 20. g3 Qe7 21. h4 Bf6 22. Red1 Kg7 23. Rxd8 Rxd8 24. Rd1 Rxd1 25. Qxd1 Bc8 26. Qc2 Be6 27. Bc5 Qd7 28. Bxe6 Qxe6 29. b3 Bd8 30. Ne3 Bxh4 31. gxh4 Nf4 32. Ng4 h5 33. Kg3 hxg4 34. fxg4 Qd7 35. Be3 Ne6 36. Qc3 Nd4 37. a4 Ne2+ 0-1

[Event "Titled Tuesday intern op 13th Feb Early"]
[Site "Chess.com INT"]
[Date "2024.02.13"]
[Round "3"]
[White "Lancman, Kyle"]
[Black "Causo, Deniel"]
[Result "0-1"]
[WhiteElo "2075"]
[BlackElo "2224"]
[PlyCount "150"]
[EventDate "2024.02.13"]
[EventType "swiss (blitz)"]
[EventRounds "11"]
[EventCountry "USA"]
[SourceTitle "CB08_2024"]
[SourceDate "2024.02.21"]
[SourceVersion "1"]
[SourceVersionDate "2024.02.21"]
[SourceQuality "1"]

1. e4 d5 2. e5 c5 3. Nf3 Nc6 4. Bb5 Bg4 5. d3 e6 6. h3 Bxf3 7. Bxc6+ bxc6 8. Qxf3 Ne7 9. 0-0 h5 10. Bg5 Qc7 11. Re1 Nf5 12. c3 Be7 13. Bxe7 Qxe7 14. Nd2 Rb8 15. Rab1 g5 16. g3 Kd7 17. Qe2 a5 18. a4 Ke8 19. Kg2 Kf8 20. Qd1 Kg7 21. Nb3 Qa7 22. Qc2 g4 23. h4 Qb6 24. Nd2 Qc7 25. Nf1 Rhf8 26. Qd2 Qe7 27. Qf4 Kh7 28. Ne3 Ng7 29. Re2 Rbe8 30. Rbe1 f6 31. Nc2 fxe5 32. Qxe5 Rf5 33. Qe3 Ref8 34. d4 c4 35. Qd2 Qd6 36. Ne3 Rf3 37. Qc2+ Kg8 38. Qg6 R8f6 39. Qg5 c5 40. Rd1 cxd4 41. Rxd4 Qf8 42. Rdd2 Qf7 43. Kg1 Kh7 44. Kg2 Rg6 45. Qe5 Rgf6 46. Qg5 Qb7 47. Kg1 Qb3 48. Nxg4 hxg4 49. h5 R3f5 50. Qxg4 Qxa4 51. f4 Qa1+ 52. Kg2 Rxh5 53. Re5 Qh1+ 54. Kf2 Rh2+ 55. Ke3 Qe1+ 56. Re2 Rxe2+ 57. Qxe2 Nf5+ 58. Kf3 Qxe2+ 59. Kxe2 Nxg3+ 60. Kf3 Ne4 61. Rh5+ Kg6 62. Rh1 Nd6 63. Ra1 Ne4 64. Rxa5 Kf5 65. Ra8 Rh6 66. Rf8+ Nf6 67. Rg8 Rh3+ 68. Rg3 Rxg3+ 69. Kxg3 Ne4+ 70. Kf3 Nc5 71. Ke3 Nd3 72. b4 cxb3 73. Kxd3 Kxf4 74. c4 dxc4+ 75. Kxc4 b2 0-1

[Event "Titled Tuesday intern op 26th Sep Early"]
[Site "Chess.com INT"]
[Date "2023.09.26"]
[Round "10"]
[White "Causo, Deniel"]
[Black "Hajiyev, Kanan"]
[Result "1-0"]
[WhiteElo "2224"]
[BlackElo "2113"]
[PlyCount "109"]
[EventDate "2023.09.26"]
[EventType "swiss (blitz)"]
[EventRounds "11"]
[EventCountry "USA"]
[SourceTitle "EXT 2024"]
[Source "ChessBase"]
[SourceDate "2023.10.10"]
[SourceVersion "1"]
[SourceVersionDate "2023.10.10"]
[SourceQuality "1"]

1. e4 c6 2. d4 d5 3. Nd2 a6 4. Ngf3 Bg4 5. c3 e6 6. Bd3 Nf6 7. 0-0 Be7 8. h3 Bh5 9. Re1 0-0 10. e5 Nfd7 11. Nf1 c5 12. Ng3 Bxf3 13. Qxf3 cxd4 14. cxd4 Nc6 15. Be3 Qb6 16. Qg4 Qxb2 17. Rab1 Qc3 18. Red1 Rfb8 19. Rb3 Qa5 20. Bb1 b5 21. Bg5 Qd8 22. h4 Bxg5 23. hxg5 g6 24. Rf3 Ne7 25. Ne2 Nf5 26. Qf4 Qe7 27. g4 Ng7 28. Rh3 b4 29. Kg2 a5 30. Rdh1 Nf8 31. Rxh7 Nxh7 32. Qh2 Nh5 33. gxh5 Qxg5+ 34. Ng3 gxh5 35. f4 Qg4 36. Kf2 Qxf4+ 37. Ke2 h4 38. Rg1 hxg3 39. Bxh7+ Kf8 40. Rxg3 Rc8 41. Rg8+ Ke7 42. Qxf4 Rxg8 43. Qf6+ Kf8 44. Bxg8 Kxg8 45. Qe7 Rb8 46. Qa7 Rb5 47. Qa6 Rb8 48. Qxa5 b3 49. axb3 Rxb3 50. Qd8+ Kg7 51. Qf6+ Kf8 52. Kd2 Rb2+ 53. Ke3 Rb8 54. Qh8+ Ke7 55. Qxb8 1-0

[Event "Titled Tuesday intern op 26th Sep Early"]
[Site "Chess.com INT"]
[Date "2023.09.26"]
[Round "1"]
[White "Causo, Deniel"]
[Black "Rangel, Daniel"]
[Result "1-0"]
[WhiteElo "2224"]
[BlackElo "2204"]
[PlyCount "47"]
[EventDate "2023.09.26"]
[EventType "swiss (blitz)"]
[EventRounds "11"]
[EventCountry "USA"]
[SourceTitle "EXT 2024"]
[Source "ChessBase"]
[SourceDate "2023.10.10"]
[SourceVersion "1"]
[SourceVersionDate "2023.10.10"]
[SourceQuality "1"]

1. e4 c5 2. c3 g6 3. d4 cxd4 4. cxd4 d5 5. exd5 Nf6 6. Nc3 Nxd5 7. Bc4 Nb6 8. Bb3 Bg7 9. Nf3 Nc6 10. Be3 0-0 11. d5 Na5 12. Bd4 Nxb3 13. axb3 Bh6 14. Bc5 Bg4 15. 0-0 Rc8 16. b4 Nc4 17. Rxa7 b6 18. Bxe7 Qe8 19. Bxf8 Qxf8 20. Ne4 Qxb4 21. Nf6+ Kf8 22. Nxg4 Nxb2 23. Qe2 Qxg4 24. Qe7+ 1-0

[Event "Titled Tuesday intern op 26th Sep Early"]
[Site "Chess.com INT"]
[Date "2023.09.26"]
[Round "4"]
[White "Causo, Deniel"]
[Black "Yeritsyan, Hayk"]
[Result "1-0"]
[WhiteElo "2224"]
[BlackElo "2179"]
[PlyCount "67"]
[EventDate "2023.09.26"]
[EventType "swiss (blitz)"]
[EventRounds "11"]
[EventCountry "USA"]
[SourceTitle "EXT 2024"]
[Source "ChessBase"]
[SourceDate "2023.10.10"]
[SourceVersion "1"]
[SourceVersionDate "2023.10.10"]
[SourceQuality "1"]

1. e4 c6 2. d4 d5 3. Nd2 dxe4 4. Nxe4 Nd7 5. Ng5 h6 6. Ne6 Qb6 7. Nxf8 Nxf8 8. c3 Bf5 9. Nf3 Nf6 10. Bc4 e6 11. 0-0 N8d7 12. Re1 0-0 13. h3 Bh7 14. Ne5 Nxe5 15. Rxe5 Rfd8 16. Qf3 Nd5 17. Re2 c5 18. dxc5 Qxc5 19. Bb3 a6 20. Bd2 Rd7 21. Rae1 Rad8 22. Bc1 Bg6 23. a3 b5 24. Qg3 Ne7 25. Re5 Qc7 26. Bf4 Qb7 27. h4 Nf5 28. Qg4 h5 29. Qg5 Kh7 30. Rxe6 f6 31. Rxf6 gxf6 32. Qxf6 Qc7 33. Bxc7 Rxc7 34. Qxd8 1-0

[Event "Titled Tuesday intern op 26th Sep Early"]
[Site "Chess.com INT"]
[Date "2023.09.26"]
[Round "7"]
[White "Shubenkova, Veronika"]
[Black "Causo, Deniel"]
[Result "0-1"]
[WhiteElo "2007"]
[BlackElo "2224"]
[PlyCount "158"]
[EventDate "2023.09.26"]
[EventType "swiss (blitz)"]
[EventRounds "11"]
[EventCountry "USA"]
[SourceTitle "EXT 2024"]
[Source "ChessBase"]
[SourceDate "2023.10.10"]
[SourceVersion "1"]
[SourceVersionDate "2023.10.10"]
[SourceQuality "1"]

1. e4 d5 2. exd5 Nf6 3. Nc3 Nxd5 4. Nf3 g6 5. Be2 Bg7 6. 0-0 0-0 7. Nxd5 Qxd5 8. a3 c5 9. d3 Nc6 10. c4 Qd6 11. Rb1 Bf5 12. Nh4 Be6 13. Be3 Rad8 14. Qa4 a6 15. b4 cxb4 16. axb4 Nd4 17. Bxd4 Bxd4 18. Nf3 Bf6 19. b5 Ra8 20. bxa6 Rxa6 21. Qb5 Ra2 22. c5 Qf4 23. d4 Bd5 24. Rfd1 Rfa8 25. Rb2 Rxb2 26. Qxb2 Ra2 27. Qb5 Kg7 28. Qd3 h5 29. Kf1 g5 30. Qe3 Qxe3 31. fxe3 g4 32. Ne5 Bxg2+ 33. Kxg2 Rxe2+ 34. Kg1 Rxe3 35. Nd7 Bg5 36. d5 Rc3 37. Rb1 Be3+ 38. Kg2 Bxc5 39. Nxc5 Rxc5 40. Rxb7 Rxd5 41. Rxe7 Kg6 42. Re1 Rd3 43. Re8 Kg5 44. Rg8+ Kf4 45. Rf8 f5 46. Rh8 Rh3 47. Rh7 Kg5 48. Rg7+ Kf6 49. Rg8 Rc3 50. Rh8 Kg6 51. Rg8+ Kh7 52. Rg5 Rc2+ 53. Kg1 f4 54. Rxh5+ Kg6 55. Rh8 Kg5 56. Rg8+ Kf5 57. Rf8+ Ke4 58. Ra8 Rc3 59. Ra1 Re3 60. Rf1 f3 61. Ra1 Kf4 62. Ra4+ Re4 63. Ra8 Re1+ 64. Kf2 Re2+ 65. Kg1 Ke3 66. Re8+ Kf4 67. Rf8+ Ke4 68. Re8+ Kf5 69. Rf8+ Kg6 70. Rf4 Kg5 71. Ra4 Rg2+ 72. Kh1 Kh4 73. Ra1 Re2 74. Rg1 f2 75. Rf1 Re1 76. Kg2 Rxf1 77. Kxf1 Kh3 78. Kxf2 Kxh2 79. Ke3 g3 0-1

[Event "Titled Tuesday intern op 12th Sep Early"]
[Site "Chess.com INT"]
[Date "2023.09.12"]
[Round "2"]
[White "Causo, Deniel"]
[Black "Matlakov, Maxim"]
[Result "1-0"]
[WhiteElo "2224"]
[BlackElo "2674"]
[PlyCount "101"]
[EventDate "2023.09.12"]
[EventType "swiss (blitz)"]
[EventRounds "11"]
[EventCountry "USA"]
[SourceTitle "EXT 2024"]
[Source "ChessBase"]
[SourceDate "2023.10.10"]
[SourceVersion "1"]
[SourceVersionDate "2023.10.10"]
[SourceQuality "1"]

1. e4 e5 2. Nf3 Nc6 3. Bc4 Bc5 4. d3 d6 5. Nc3 Na5 6. Bb3 Nxb3 7. axb3 a6 8. Be3 Bxe3 9. fxe3 Ne7 10. 0-0 0-0 11. Qe1 f6 12. Nh4 Be6 13. Qg3 Qd7 14. Rf2 b5 15. Raf1 Kh8 16. Kh1 a5 17. d4 Rfe8 18. Nf5 Nxf5 19. exf5 Bg8 20. Qh4 exd4 21. exd4 Re3 22. Ne4 Re8 23. Rf4 Qe7 24. Ng3 Bd5 25. h3 Qf7 26. Kh2 a4 27. bxa4 bxa4 28. Rg4 R8e7 29. Ra1 Qe8 30. Nh5 R3e4 31. Nxf6 g5 32. fxg6 Qxg6 33. Rxg6 Rxh4 34. Nxd5 Re2 35. Rg3 Rxd4 36. Nc3 Rxc2 37. Rxa4 Rxa4 38. Nxa4 Rc4 39. b3 Rb4 40. Rc3 c5 41. Nb2 d5 42. Nd3 Rb8 43. Nxc5 d4 44. Rd3 Rb5 45. Ne6 Re5 46. Nxd4 Rd5 47. b4 Kg8 48. b5 Rd6 49. Rg3+ Kf7 50. Nc6 Rd5 51. Rb3 1-0

[Event "Titled Tuesday intern op 05th Sep Early"]
[Site "Chess.com INT"]
[Date "2023.09.05"]
[Round "10"]
[White "Dragnev, Valentin"]
[Black "Causo, Deniel"]
[Result "1-0"]
[WhiteElo "2585"]
[BlackElo "2224"]
[PlyCount "101"]
[EventDate "2023.09.05"]
[EventType "swiss (blitz)"]
[EventRounds "11"]
[EventCountry "USA"]
[SourceTitle "EXT 2024"]
[Source "ChessBase"]
[SourceDate "2023.10.10"]
[SourceVersion "1"]
[SourceVersionDate "2023.10.10"]
[SourceQuality "1"]

1. d4 d5 2. Nf3 c6 3. g3 Nf6 4. Bg2 Bf5 5. 0-0 e6 6. c4 h6 7. Qb3 Qb6 8. c5 Qc7 9. Bf4 Qc8 10. Nc3 Nbd7 11. Rac1 Be7 12. Nd2 0-0 13. Rfe1 g5 14. Be3 Ng4 15. Nf1 Nxe3 16. Nxe3 Bg6 17. Nf1 Bf6 18. Rcd1 e5 19. e3 Re8 20. Bh3 Qc7 21. Ne2 Re7 22. Qc3 Rae8 23. Rc1 Bh5 24. g4 Bg6 25. Bg2 exd4 26. Nxd4 Ne5 27. h3 Nd3 28. Ng3 Nxe1 29. Rxe1 Bg7 30. Qd2 Re5 31. Bf3 Qe7 32. b4 Qf6 33. Kg2 Kh7 34. b5 cxb5 35. Nxb5 Qc6 36. Nd6 R8e6 37. Rc1 Bf8 38. Ndf5 Bxc5 39. Nd4 Bb4 40. Qb2 Qa4 41. Nxe6 Rxe6 42. Rc8 f6 43. Bxd5 Re7 44. Qxf6 Rg7 45. Nf5 Qd7 46. Rd8 Qc7 47. Nxg7 Qxg7 48. Bg8+ Kh8 49. Bf7+ Kh7 50. Bxg6+ Qxg6 51. Rh8# 1-0

[Event "Titled Tuesday intern op 05th Sep Early"]
[Site "Chess.com INT"]
[Date "2023.09.05"]
[Round "7"]
[White "Svane, Rasmus"]
[Black "Causo, Deniel"]
[Result "1-0"]
[WhiteElo "2641"]
[BlackElo "2224"]
[PlyCount "177"]
[EventDate "2023.09.05"]
[EventType "swiss (blitz)"]
[EventRounds "11"]
[EventCountry "USA"]
[SourceTitle "EXT 2024"]
[Source "ChessBase"]
[SourceDate "2023.10.10"]
[SourceVersion "1"]
[SourceVersionDate "2023.10.10"]
[SourceQuality "1"]

1. Nf3 d5 2. g3 c6 3. Bg2 Nf6 4. 0-0 Bf5 5. c4 e6 6. Qb3 Qb6 7. d3 Nbd7 8. cxd5 exd5 9. Qc2 Be7 10. Nc3 0-0 11. e4 dxe4 12. dxe4 Bg6 13. Nh4 Rfe8 14. h3 Qa5 15. f4 Qc5+ 16. Kh2 Bxe4 17. Bxe4 Nxe4 18. Qxe4 Bxh4 19. Qd3 Bf6 20. Bd2 Nb6 21. Rae1 Nc4 22. Ne4 Qd5 23. Nxf6+ gxf6 24. Qxd5 cxd5 25. Bc3 f5 26. Kg1 Re4 27. Rf3 Rae8 28. Rd1 Rd8 29. Rfd3 Ne3 30. R1d2 Kf8 31. Kf2 Nc4 32. Rxd5 Rde8 33. R2d3 Re2+ 34. Kf3 Nxb2 35. Bxb2 Rxb2 36. a3 Re7 37. Rxf5 Kg7 38. Rg5+ Kf6 39. Kg4 h6 40. Rf5+ Kg7 41. h4 b5 42. Rh5 Re6 43. Rf5 Rf6 44. Rxf6 Kxf6 45. Rd6+ Kg7 46. Ra6 b4 47. axb4 Rxb4 48. Rxa7 Rb5 49. Ra6 Rc5 50. Rd6 Rb5 51. Rc6 Rd5 52. Rb6 Rc5 53. Rb4 Rd5 54. Re4 Rc5 55. Re5 Rc3 56. Rd5 Rb3 57. Rc5 Rd3 58. Rf5 Rc3 59. Re5 Rb3 60. Re2 Rc3 61. Rf2 Kg6 62. h5+ Kg7 63. Kh4 Rc1 64. g4 Rh1+ 65. Kg3 Rg1+ 66. Kf3 Kf6 67. Rg2 Rf1+ 68. Kg3 Kg7 69. g5 hxg5 70. fxg5 Rf5 71. Kg4 Rf1 72. Rg3 Rf2 73. Rf3 Rg2+ 74. Kf5 Rh2 75. h6+ Kf8 76. Kf6 Re2 77. Rf4 Re6+ 78. Kf5 Kg8 79. Kg4 Rg6 80. Kh5 Re6 81. Rf5 Re1 82. Rf4 Rh1+ 83. Kg4 Rg1+ 84. Kf5 Re1 85. Re4 Rf1+ 86. Kg4 Kh7 87. Rf4 Rxf4+ 88. Kxf4 Kg6 89. Ke5 1-0

[Event "Titled Tuesday intern op 29th Aug Early"]
[Site "Chess.com INT"]
[Date "2023.08.29"]
[Round "6"]
[White "Ozen, Deniz"]
[Black "Causo, Deniel"]
[Result "1-0"]
[WhiteElo "2382"]
[BlackElo "2224"]
[PlyCount "113"]
[EventDate "2023.08.29"]
[EventType "swiss (blitz)"]
[EventRounds "11"]
[EventCountry "USA"]
[SourceTitle "EXT 2024"]
[Source "ChessBase"]
[SourceDate "2023.10.10"]
[SourceVersion "1"]
[SourceVersionDate "2023.10.10"]
[SourceQuality "1"]

1. e4 d5 2. exd5 Nf6 3. d4 Bg4 4. Bb5+ Nbd7 5. Be2 Bxe2 6. Qxe2 Nxd5 7. c4 N5f6 8. Nf3 c6 9. Nc3 e6 10. d5 Nc5 11. 0-0 cxd5 12. cxd5 Nxd5 13. Rd1 Be7 14. Nxd5 exd5 15. Qb5+ Kf8 16. Be3 a6 17. Qb4 b6 18. Qd2 f6 19. Qxd5 Qxd5 20. Rxd5 Kf7 21. Rad1 Rac8 22. b3 Rc7 23. g3 Rhc8 24. Kg2 b5 25. Bf4 Rc6 26. Nd4 Rb6 27. Nf5 Bf8 28. Rc1 Ke6 29. Ne3 Rbc6 30. h4 h6 31. h5 Be7 32. Rdd1 Ne4 33. Rxc6+ Rxc6 34. g4 Bc5 35. Nf5 Nxf2 36. Nxg7+ Kf7 37. Rd7+ Kf8 38. Bxh6 Nxg4 39. Nf5+ Nxh6 40. Nxh6 Be3 41. Nf5 Bg5 42. h6 Bxh6 43. Nxh6 Rc2+ 44. Kf3 Rxa2 45. Nf5 Ra3 46. Kg4 Rxb3 47. Kh5 Ke8 48. Ra7 Ra3 49. Kg6 Kd8 50. Kxf6 Kc8 51. Ke6 Kb8 52. Rh7 Rd3 53. Nd6 b4 54. Kd7 Ka7 55. Kc6+ Ka8 56. Nc4 Rc3 57. Kb6 1-0

[Event "Titled Tuesday intern op 29th Aug Early"]
[Site "Chess.com INT"]
[Date "2023.08.29"]
[Round "3"]
[White "Pranav, V."]
[Black "Causo, Deniel"]
[Result "1-0"]
[WhiteElo "2588"]
[BlackElo "2224"]
[PlyCount "47"]
[EventDate "2023.08.29"]
[EventType "swiss (blitz)"]
[EventRounds "11"]
[EventCountry "USA"]
[SourceTitle "EXT 2024"]
[Source "ChessBase"]
[SourceDate "2023.10.10"]
[SourceVersion "1"]
[SourceVersionDate "2023.10.10"]
[SourceQuality "1"]

1. d4 d5 2. Bf4 c6 3. e3 Qb6 4. Qc1 Bf5 5. Nd2 Nd7 6. Ngf3 e6 7. c4 Ngf6 8. Be2 Be7 9. 0-0 0-0 10. a3 Rfe8 11. b4 Ne4 12. Nxe4 Bxe4 13. c5 Qd8 14. b5 Qa5 15. bxc6 bxc6 16. Nd2 e5 17. dxe5 Nxc5 18. Nxe4 dxe4 19. Bc4 Rad8 20. h3 Qa4 21. Qc3 Nd3 22. Bg3 c5 23. Rab1 h6 24. Bb5 1-0

[Event "Titled Tuesday intern op 29th Aug Early"]
[Site "Chess.com INT"]
[Date "2023.08.29"]
[Round "4"]
[White "Valle Luis, Leo"]
[Black "Causo, Deniel"]
[Result "0-1"]
[WhiteElo "2250"]
[BlackElo "2224"]
[PlyCount "54"]
[EventDate "2023.08.29"]
[EventType "swiss (blitz)"]
[EventRounds "11"]
[EventCountry "USA"]
[SourceTitle "EXT 2024"]
[Source "ChessBase"]
[SourceDate "2023.10.10"]
[SourceVersion "1"]
[SourceVersionDate "2023.10.10"]
[SourceQuality "1"]

1. e4 d5 2. exd5 Nf6 3. Nc3 Nxd5 4. Nxd5 Qxd5 5. Nf3 Nc6 6. Be2 Bg4 7. h3 Bh5 8. d3 0-0-0 9. 0-0 Rg8 10. Be3 g5 11. Nd2 Bxe2 12. Qxe2 g4 13. h4 Ne5 14. Kh1 e6 15. d4 Ng6 16. c4 Qh5 17. g3 Nxh4 18. gxh4 Qxh4+ 19. Kg1 g3 20. f4 g2 21. Rfd1 Qh1+ 22. Kf2 Qh4+ 23. Kf3 Rxd4 24. Bxd4 Rg3+ 25. Ke4 f5+ 26. Ke5 Qe7 27. Bc5 Bg7# 0-1

[Event "Titled Tuesday intern op 20th Jun Early"]
[Site "Chess.com INT"]
[Date "2023.06.20"]
[Round "6"]
[White "Causo, Deniel"]
[Black "Nazari, Arad"]
[Result "1-0"]
[WhiteElo "2224"]
[BlackElo "2367"]
[PlyCount "71"]
[EventDate "2023.06.20"]
[EventType "swiss (blitz)"]
[EventRounds "11"]
[EventCountry "USA"]
[SourceTitle "EXT 2024"]
[Source "ChessBase"]
[SourceDate "2023.10.10"]
[SourceVersion "1"]
[SourceVersionDate "2023.10.10"]
[SourceQuality "1"]

1. e4 c5 2. c3 d5 3. exd5 Qxd5 4. d4 g6 5. Nf3 Bg7 6. Be3 cxd4 7. cxd4 Nc6 8. Nc3 Qa5 9. d5 Ne5 10. Bd4 Nxf3+ 11. gxf3 Nf6 12. Bb5+ Kf8 13. 0-0 a6 14. Bc4 b5 15. Bb3 Bb7 16. a3 h5 17. Re1 Re8 18. Bc5 Nd7 19. Bb4 Qb6 20. Qe2 Bf6 21. Ne4 Bh4 22. Rad1 Kg7 23. Bc3+ Nf6 24. Qd2 Kh7 25. Bd4 Nxe4 26. Rxe4 Qd6 27. Rxh4 Rhg8 28. Qg5 Bc8 29. Be5 Qb6 30. d6 f6 31. Qg3 fxe5 32. d7 Bxd7 33. Rxd7 Rg7 34. Qxe5 Rf8 35. Rxe7 Rxf3 36. Qxg7# 1-0

[Event "Titled Tuesday intern op 20th Jun Early"]
[Site "Chess.com INT"]
[Date "2023.06.20"]
[Round "2"]
[White "Causo, Deniel"]
[Black "Rohit, Krishna S"]
[Result "0-1"]
[WhiteElo "2224"]
[BlackElo "2411"]
[PlyCount "70"]
[EventDate "2023.06.20"]
[EventType "swiss (blitz)"]
[EventRounds "11"]
[EventCountry "USA"]
[SourceTitle "EXT 2024"]
[Source "ChessBase"]
[SourceDate "2023.10.10"]
[SourceVersion "1"]
[SourceVersionDate "2023.10.10"]
[SourceQuality "1"]

1. e4 e5 2. Nf3 Nc6 3. Nc3 Nf6 4. d4 exd4 5. Nxd4 Bb4 6. Nxc6 bxc6 7. Bd3 d5 8. exd5 0-0 9. 0-0 cxd5 10. Bg5 c6 11. Na4 h6 12. Bh4 Be7 13. c4 Be6 14. Rc1 Rb8 15. b3 d4 16. Re1 Nd7 17. Bxe7 Qxe7 18. c5 Rfd8 19. Qf3 Rbc8 20. Re4 Nf6 21. Re5 Qc7 22. Rce1 Rd5 23. Rxd5 Bxd5 24. Qh3 Rd8 25. Qh4 Qa5 26. Rd1 Qb4 27. h3 Bxb3 28. axb3 Qxb3 29. Bc2 Qxc2 30. Rxd4 Re8 31. Kh2 Re2 32. Rc4 Qf5 33. Rf4 Qe5 34. g3 g5 35. Qxh6 gxf4 0-1

[Event "Titled Tuesday intern op 13th Jun Early"]
[Site "Chess.com INT"]
[Date "2023.06.13"]
[Round "5"]
[White "Harsha, Bharathakoti"]
[Black "Causo, Deniel"]
[Result "1-0"]
[WhiteElo "2574"]
[BlackElo "2224"]
[PlyCount "91"]
[EventDate "2023.06.13"]
[EventType "swiss (blitz)"]
[EventRounds "11"]
[EventCountry "USA"]
[SourceTitle "EXT 2024"]
[Source "ChessBase"]
[SourceDate "2023.10.10"]
[SourceVersion "1"]
[SourceVersionDate "2023.10.10"]
[SourceQuality "1"]

1. Nf3 d5 2. g3 c6 3. Bg2 Nf6 4. 0-0 Bf5 5. c4 e6 6. Qb3 Qb6 7. d3 Nbd7 8. Be3 Bc5 9. Bxc5 Nxc5 10. Qc2 0-0 11. Nbd2 h6 12. Rab1 Rac8 13. b4 Ncd7 14. h3 Rfe8 15. Rfe1 Bh7 16. Qc3 e5 17. e4 dxe4 18. c5 Qa6 19. dxe4 Rcd8 20. Bf1 Qa4 21. Bc4 b5 22. Bd3 Nf8 23. a3 Ne6 24. Nxe5 Nd4 25. f4 Qa6 26. Re3 Qc8 27. Kh2 Ne6 28. Nef3 Qc7 29. e5 Nd5 30. Bxh7+ Kh8 31. Qb3 Nxe3 32. Qxe3 Kxh7 33. Ne4 Nf8 34. Nd6 Re7 35. Re1 Kg8 36. Nd4 Ne6 37. N4f5 Red7 38. Qf3 a5 39. Qg4 axb4 40. axb4 Ra8 41. Nxh6+ Kf8 42. Nhxf7 Ra2+ 43. Kh1 Rxf7 44. Qxe6 Re7 45. Qxa2 Qb8 46. f5 1-0

[Event "Titled Tuesday intern op 16th May Early"]
[Site "Chess.com INT"]
[Date "2023.05.16"]
[Round "8"]
[White "Causo, Deniel"]
[Black "Bryakin, Mikhail"]
[Result "1-0"]
[WhiteElo "2224"]
[BlackElo "2455"]
[PlyCount "43"]
[EventDate "2023.05.16"]
[EventType "swiss (blitz)"]
[EventRounds "11"]
[EventCountry "USA"]
[SourceTitle "CBM 214 Extra"]
[Source "ChessBase"]
[SourceDate "2023.07.31"]
[SourceVersion "1"]
[SourceVersionDate "2023.07.31"]
[SourceQuality "1"]

1. e4 d6 2. d4 e5 3. Nf3 exd4 4. Nxd4 Nf6 5. Nc3 Be7 6. Bc4 0-0 7. 0-0 Nc6 8. Nxc6 bxc6 9. Re1 Be6 10. Bxe6 fxe6 11. e5 Nd5 12. exd6 Bxd6 13. Ne4 Qh4 14. g3 Qh3 15. c4 Rxf2 16. Nxf2 Bc5 17. cxd5 Bxf2+ 18. Kxf2 Qxh2+ 19. Kf3 Qh5+ 20. Kg2 Qg6 21. Rxe6 Qf5 22. Bf4 1-0